000 00371nam a2200145Ia 4500
008 210323s9999||||xx |||||||||||||| ||und||
020 _a9789380049045
082 _a242
_bDAY/M
100 _aDayanand
245 0 _aMorning Meditation Prayers
250 _a6th Ed.
260 _aChennai
_bArsha Vidya Research and Publication Trust
_c2017
300 _a52p.
942 _cBK
999 _c33437
_d33437